| 000 | 00865nam a22002177a 4500 | ||
|---|---|---|---|
| 005 | 20260424145535.0 | ||
| 008 | 260424b |||||||| |||| 00| 0 eng d | ||
| 037 | _cTB | ||
| 040 |
_aCRL _cCRL |
||
| 041 |
_2hin _ahin |
||
| 084 |
_aO152,1N58:g(P:75) R5 _qCRL |
||
| 100 |
_aमणडल, सत्यजित _91235691 |
||
| 245 | _aआलादीन का आश्चर्य आलोक आविष्कार | ||
| 260 |
_aकलकाता, भारत: _bआनन्द प्रकाशन, _c2025. |
||
| 300 | _a56पृ. | ||
| 365 |
_b200.00 _cINR |
||
| 650 | _aहिन्दी कविता | ||
| 650 | _aहिन्दी साहित्य | ||
| 942 |
_2CC _cTB _hO152,1N58:g(P:75) R5 _n0 |
||
| 999 |
_c1848528 _d1848528 |
||